Звичайний вигляд
Перегляд у МАРК
Входження „Topical Term“
Кількість записів, які використовуються: 1
001 - CONTROL NUMBER
- control field: 24391
003 - CONTROL NUMBER IDENTIFIER
- control field: UA-OsUOA
005 - DATE AND TIME OF LATEST TRANSACTION
- control field: 20260311115540.0
008 - FIXED-LENGTH DATA ELEMENTS
- fixed length control field: 260311|| aca||aabn | a|a d
040 ## - CATALOGING SOURCE
- Original cataloging agency: UA-OsUOA
- Transcribing agency: UA-OsUOA
150 ## - HEADING--TOPICAL TERM
- Topical term or geographic name as entry element: Українці за межами України
670 ## - SOURCE DATA FOUND
- Source citation: Work cat.: (UA-OsUOA)580041: Марунчак М. 24390, Історія українців Канади Том II, 1991